Nilḳaḥ mi meni sod

Saved in:
Bibliographic Details
Main Author: Ankri, Etti.
Format: Audio
Language:Hebrew
Published: [Tel Aviv] : Hamon Hafaḳot, 1997.
Subjects:
Tags: Add Tag
No Tags, Be the first to tag this record!
LEADER 00613njm a22001937u 4500
001 007727730-9
005 20020606104010.5
008 910205s1997||||is ||nn||||||||||| heb|d
028 0 2 |a CDdj 1436  |b Hamon Hafaḳot. 
035 0 |a ocm83714011 
100 1 |a Ankri, Etti. 
245 1 0 |a Nilḳaḥ mi meni sod  |h sound recording /  |c Eti Anḳri. 
260 0 |a [Tel Aviv] :  |b Hamon Hafaḳot,  |c 1997. 
300 |a 1 sound disc :  |b digital, stereo. ;  |c 4 3/4 in. 
500 |a Words of song in Hebrew printed on slipcase. 
655 7 |a Compact discs (singles).  |2 local 
650 0 |a Songs, Hebrew  |z Israel. 
988 |a 20020608 
906 |0 MH